[Event "Jaen op 21st"]
[Site "Jaen"]
[Date "2011.02.06"]
[Round "3"]
[White "Cuenca Jimenez, Jose Fernando"]
[Black "Castillo Gallego, Sergio"]
[Result "1-0"]
[WhiteElo "2496"]
[BlackElo "2234"]
[PlyCount "68"]
[EventDate "2011.02.06"]
[EventType "swiss (rapid)"]
[EventRounds "9"]
[EventCountry "ESP"]
[SourceTitle "CBM 140 Extra"]
[Source "ChessBase"]
[SourceDate "2011.03.01"]
[SourceVersion "1"]
[SourceVersionDate "2011.03.01"]
[SourceQuality "1"]

1. Nf3 Nf6 2. c4 g6 3. Nc3 Bg7 4. g3 d6 5. d4 O-O 6. Bg2 Nbd7 7. O-O e5 8. e4
a6 9. Re1 exd4 10. Nxd4 Ng4 11. h3 Qf6 12. Nf3 Nge5 13. Nd5 Nxf3+ 14. Bxf3 Qd8
15. Bg2 Ne5 16. Qc2 f5 17. f4 Nc6 18. Be3 fxe4 19. Rad1 Re8 20. c5 Be6 21. cxd6
Bxd5 22. dxc7 Qd7 23. Qc5 Qxc7 24. Qxd5+ Kh8 25. Qb3 Rad8 26. Kh2 Rxd1 27. Rxd1
Na5 28. Qd5 Nc4 29. Bd4 Nxb2 30. Rb1 Qc4 31. Bxg7+ Kxg7 32. Qd7+ Kf8 33. Rxb2
e3 34. Qd1 Ra8 1-0

[Event "Jaen op 21st"]
[Site "Jaen"]
[Date "2011.02.06"]
[Round "4"]
[White "Moreno Trujillo, Alejandro"]
[Black "Cuenca Jimenez, Jose Fernando"]
[Result "1-0"]
[WhiteElo "2449"]
[BlackElo "2496"]
[PlyCount "81"]
[EventDate "2011.02.06"]
[EventType "swiss (rapid)"]
[EventRounds "9"]
[EventCountry "ESP"]
[SourceTitle "CBM 140 Extra"]
[Source "ChessBase"]
[SourceDate "2011.03.01"]
[SourceVersion "1"]
[SourceVersionDate "2011.03.01"]
[SourceQuality "1"]

1. d4 b6 2. Bf4 Bb7 3. e3 g6 4. Nf3 Bg7 5. Nbd2 d6 6. h3 Nd7 7. Nc4 Ngf6 8. c3
O-O 9. a4 a6 10. Bh2 Ne4 11. Be2 e6 12. O-O Qe7 13. Nfd2 Nxd2 14. Nxd2 e5 15.
Bf3 e4 16. Be2 h6 17. b4 f5 18. a5 b5 19. c4 bxc4 20. Bxc4+ Kh8 21. b5 Nf6 22.
bxa6 Bxa6 23. Qe2 Bxc4 24. Qxc4 Ra7 25. a6 Rfa8 26. Ra5 Nd7 27. Rfa1 Nb6 28.
Qa2 Qe8 29. Nc4 Nd7 30. Qa4 Qc8 31. Qb5 Nb8 32. Bxd6 cxd6 33. Nb6 Qd8 34. Nxa8
Rxa8 35. a7 Nd7 36. Ra6 Bf8 37. Qb7 f4 38. Qxe4 fxe3 39. fxe3 Bg7 40. Rxd6 Rc8
41. a8=Q 1-0

[Event "Jaen op 21st"]
[Site "Jaen"]
[Date "2011.02.06"]
[Round "5"]
[White "Cuenca Jimenez, Jose Fernando"]
[Black "Komljenovic, Davorin"]
[Result "1-0"]
[WhiteElo "2496"]
[BlackElo "2457"]
[PlyCount "160"]
[EventDate "2011.02.06"]
[EventType "swiss (rapid)"]
[EventRounds "9"]
[EventCountry "ESP"]
[SourceTitle "CBM 140 Extra"]
[Source "ChessBase"]
[SourceDate "2011.03.01"]
[SourceVersion "1"]
[SourceVersionDate "2011.03.01"]
[SourceQuality "1"]

1. e4 c5 2. Nf3 d6 3. d4 cxd4 4. Nxd4 Nf6 5. Nc3 a6 6. Bg5 e6 7. f4 h6 8. Bh4
Be7 9. Qf3 Qc7 10. Bg3 b5 11. Bd3 Bb7 12. a3 Nbd7 13. Qe2 Nc5 14. O-O-O O-O 15.
Kb1 Rab8 16. Rhe1 Rfd8 17. h3 Qb6 18. Bf2 b4 19. axb4 Qxb4 20. Na2 Qa4 21. Nc3
Qe8 22. g4 d5 23. e5 Nfe4 24. Bxe4 dxe4 25. f5 Bf8 26. f6 g6 27. h4 Ba8 28. h5
g5 29. Be3 Kh7 30. Qf2 Rd7 31. Nf5 Na4 32. Nxa4 Rxd1+ 33. Rxd1 Qxa4 34. Nd6 Qb4
35. b3 Kg8 36. Bc5 Qc3 37. Bd4 Qf3 38. Qxf3 exf3 39. Kb2 Bc6 40. Ba7 Ra8 41.
Be3 a5 42. c4 a4 43. b4 a3+ 44. Ka2 f2 45. Bxf2 Bf3 46. Rd4 Ra4 47. b5 Be2 48.
c5 Rxd4 49. Bxd4 Bxd6 50. exd6 Bxb5 51. Kxa3 Kf8 52. Kb4 Bc6 53. Ka5 Ke8 54.
Kb6 Kd7 55. Be3 e5 56. Bxg5 hxg5 57. h6 Be4 58. c6+ Kxd6 59. h7 Bxh7 60. c7 Kd7
61. Kb7 Be4+ 62. Kb8 Ke6 63. c8=Q+ Kxf6 64. Qd8+ Kg6 65. Qe8 Kf6 66. Kc7 Bf3
67. Kd6 Bxg4 68. Qxe5+ Kg6 69. Ke7 Be6 70. Qf6+ Kh5 71. Kd6 Kh4 72. Ke5 Kg4 73.
Qf2 Kh3 74. Qe3+ Kg4 75. Kf6 Kh4 76. Qxg5+ Kh3 77. Ke5 Kh2 78. Kf4 Kh1 79. Ke3
Kh2 80. Ke4 Bc8 1-0

[Event "Jaen op 21st"]
[Site "Jaen"]
[Date "2011.02.06"]
[Round "6"]
[White "Roa Alonso, Santiago"]
[Black "Cuenca Jimenez, Jose Fernando"]
[Result "1/2-1/2"]
[WhiteElo "2439"]
[BlackElo "2496"]
[PlyCount "72"]
[EventDate "2011.02.06"]
[EventType "swiss (rapid)"]
[EventRounds "9"]
[EventCountry "ESP"]
[SourceTitle "CBM 140 Extra"]
[Source "ChessBase"]
[SourceDate "2011.03.01"]
[SourceVersion "1"]
[SourceVersionDate "2011.03.01"]
[SourceQuality "1"]

1. e4 d6 2. d4 Nf6 3. Nc3 e5 4. Nf3 Nbd7 5. Bc4 Be7 6. a4 O-O 7. O-O c6 8. Re1
b6 9. d5 cxd5 10. Nxd5 Bb7 11. b3 Rc8 12. Ba3 Nxd5 13. Bxd5 Bxd5 14. Qxd5 Rxc2
15. Bxd6 Bxd6 16. Qxd6 Nc5 17. Qc6 Qc8 18. Qb5 f6 19. b4 Ne6 20. a5 Nf4 21. h3
bxa5 22. Rxa5 Qc7 23. Qa4 Rc1 24. Rxa7 Rxe1+ 25. Nxe1 Qc3 26. Nc2 Qd2 27. Qa2+
Kh8 28. Ra8 Ng6 29. Rxf8+ Nxf8 30. b5 Qc1+ 31. Kh2 Qf4+ 32. Kh1 Qc1+ 33. Kh2
Qf4+ 34. Kh1 Qd2 35. Kg1 Qd3 36. g3 Qd8 1/2-1/2

[Event "Jaen op 21st"]
[Site "Jaen"]
[Date "2011.02.06"]
[Round "7"]
[White "Cuenca Jimenez, Jose Fernando"]
[Black "Ruiz Sanchez, Miguel Angel"]
[Result "1-0"]
[WhiteElo "2496"]
[BlackElo "2248"]
[PlyCount "79"]
[EventDate "2011.02.06"]
[EventType "swiss (rapid)"]
[EventRounds "9"]
[EventCountry "ESP"]
[SourceTitle "CBM 140 Extra"]
[Source "ChessBase"]
[SourceDate "2011.03.01"]
[SourceVersion "1"]
[SourceVersionDate "2011.03.01"]
[SourceQuality "1"]

1. Nf3 e6 2. c4 f5 3. Nc3 Nf6 4. d4 d5 5. Bf4 c6 6. e3 Be7 7. Qc2 O-O 8. Bd3
Ne4 9. g4 Na6 10. a3 Nc7 11. gxf5 exf5 12. Bxc7 Qxc7 13. cxd5 cxd5 14. Nxd5
Qa5+ 15. Nc3 Nd6 16. Qb3+ Kh8 17. Ne5 Bf6 18. Qd5 Qxd5 19. Nxd5 b6 20. Nxf6
gxf6 21. Nc4 Bb7 22. Rg1 Nxc4 23. Bxc4 f4 24. Kd2 Rad8 25. Rg4 fxe3+ 26. fxe3
f5 27. Rf4 Rd6 28. Raf1 Rh6 29. Rxf5 Rxh2+ 30. Kc3 Rxf5 31. Rxf5 Be4 32. Rf4
Bg6 33. d5 Rc2+ 34. Kb3 b5 35. Bxb5 Rc5 36. Bc4 Kg7 37. d6 Rc8 38. e4 h5 39. e5
Ra8 40. Bf1 1-0

[Event "Jaen op 21st"]
[Site "Jaen"]
[Date "2011.02.06"]
[Round "8"]
[White "Cuenca Jimenez, Jose Fernando"]
[Black "Matamoros Franco, Carlos S"]
[Result "1/2-1/2"]
[WhiteElo "2496"]
[BlackElo "2545"]
[PlyCount "43"]
[EventDate "2011.02.06"]
[EventType "swiss (rapid)"]
[EventRounds "9"]
[EventCountry "ESP"]
[SourceTitle "CBM 140 Extra"]
[Source "ChessBase"]
[SourceDate "2011.03.01"]
[SourceVersion "1"]
[SourceVersionDate "2011.03.01"]
[SourceQuality "1"]

1. c4 g6 2. Nc3 Bg7 3. d4 Nf6 4. e4 d6 5. Nf3 O-O 6. Be2 e5 7. O-O Nc6 8. Be3
Re8 9. d5 Nd4 10. Nxd4 exd4 11. Bxd4 Nxe4 12. Bxg7 Kxg7 13. Nxe4 Rxe4 14. Bd3
Re8 15. Qf3 Qf6 16. Qxf6+ Kxf6 17. Rfe1 Bd7 18. f3 h6 19. Kf2 g5 20. Re3 Re5
21. Rae1 Rae8 22. g3 1/2-1/2

[Event "Jaen op 21st"]
[Site "Jaen"]
[Date "2011.02.06"]
[Round "9"]
[White "Razmyslov, Alexander"]
[Black "Cuenca Jimenez, Jose Fernando"]
[Result "1/2-1/2"]
[WhiteElo "2439"]
[BlackElo "2496"]
[PlyCount "93"]
[EventDate "2011.02.06"]
[EventType "swiss (rapid)"]
[EventRounds "9"]
[EventCountry "ESP"]
[SourceTitle "CBM 140 Extra"]
[Source "ChessBase"]
[SourceDate "2011.03.01"]
[SourceVersion "1"]
[SourceVersionDate "2011.03.01"]
[SourceQuality "1"]

1. c4 e5 2. Nc3 Nf6 3. g3 c6 4. d4 exd4 5. Qxd4 d5 6. Bg2 Be6 7. Nh3 dxc4 8.
Qxd8+ Kxd8 9. Ng5 Nbd7 10. O-O h6 11. Nxe6+ fxe6 12. Bd2 Bd6 13. Rac1 Rc8 14.
a4 Ke7 15. Nd1 b5 16. axb5 cxb5 17. Nc3 Bb4 18. Be3 Bxc3 19. bxc3 Nc5 20. Ra1
Na4 21. Ra3 Rc7 22. Bf4 Rc5 23. Be3 Rc7 24. Rb1 a6 25. Bf4 Ra7 26. Be3 Rd7 27.
Bd4 Kf7 28. e3 Rhd8 29. f4 Re7 30. Bf1 Rc8 31. Rb4 Nd5 32. Rb1 Rec7 33. e4 Ne7
34. g4 Nc6 35. Bf2 Rd7 36. Bxc4 Na5 37. Bxb5 axb5 38. Rxb5 Nxc3 39. Rbxa5 Nxe4
40. Ra7 Rcc7 41. Rxc7 Rxc7 42. Ra7 Rxa7 43. Bxa7 Nf6 44. h3 h5 45. Bb8 Kg6 46.
Be5 Ng8 47. Bd4 1/2-1/2

[Event "La Roda op 38th"]
[Site "La Roda"]
[Date "2011.04.20"]
[Round "1"]
[White "Cuenca Jimenez, Jose Fernando"]
[Black "Amoros Moran, Jose Joaquin"]
[Result "1-0"]
[WhiteElo "2493"]
[BlackElo "1981"]
[PlyCount "71"]
[EventDate "2011.04.20"]
[EventType "swiss"]
[EventRounds "9"]
[EventCountry "ESP"]
[SourceTitle "EXT 2012"]
[Source "ChessBase"]
[SourceDate "2011.11.24"]
[SourceVersion "1"]
[SourceVersionDate "2011.11.24"]
[SourceQuality "1"]

1. c4 Nf6 2. Nc3 g6 3. e4 d6 4. g3 Bg7 5. Bg2 O-O 6. Nge2 c5 7. O-O Nc6 8. d3
a6 9. h3 Rb8 10. a4 Nd4 11. Be3 Ne8 12. Rb1 Bd7 13. b4 b6 14. Kh2 Nc7 15. b5 a5
16. Qd2 e5 17. Bh6 Nce6 18. Bxg7 Kxg7 19. f4 Nxe2 20. Nxe2 f6 21. Rf2 Qe7 22.
Nc3 Nc7 23. Rbf1 Rbd8 24. Nd1 Rfe8 25. f5 g5 26. h4 h6 27. Bf3 Rh8 28. Bh5 Rdf8
29. Qe2 Kg8 30. Ne3 Qd8 31. Rh1 Kg7 32. Kg1 Be8 33. Rfh2 Bxh5 34. Qxh5 Qe8 35.
hxg5 hxg5 36. Qh7+ 1-0

[Event "La Roda op 38th"]
[Site "La Roda"]
[Date "2011.04.21"]
[Round "2"]
[White "Gil Quilez, David"]
[Black "Cuenca Jimenez, Jose Fernando"]
[Result "0-1"]
[WhiteElo "2201"]
[BlackElo "2493"]
[PlyCount "104"]
[EventDate "2011.04.20"]
[EventType "swiss"]
[EventRounds "9"]
[EventCountry "ESP"]
[SourceTitle "EXT 2012"]
[Source "ChessBase"]
[SourceDate "2011.11.24"]
[SourceVersion "1"]
[SourceVersionDate "2011.11.24"]
[SourceQuality "1"]

1. e4 e5 2. d4 exd4 3. Qxd4 Nc6 4. Qe3 Nf6 5. Nc3 Be7 6. h3 d5 7. exd5 Nxd5 8.
Nxd5 Qxd5 9. Bd2 Bf5 10. c4 Qe4 11. Qxe4 Bxe4 12. O-O-O O-O-O 13. Ne2 Bc5 14.
f3 Bg6 15. h4 Rhe8 16. h5 Bf5 17. Ng3 Ne7 18. Bf4 Rxd1+ 19. Kxd1 Bb1 20. a3 h6
21. Kc1 Bh7 22. Be2 Nc6 23. Bd1 Ne5 24. Be2 Nd3+ 25. Bxd3 Bxd3 26. b4 Bf2 27.
c5 Bxg3 28. Bxg3 Re2 29. Rg1 Rc2+ 30. Kd1 Ra2 31. Be5 f6 32. Bc3 Rxa3 33. Kd2
Bh7 34. g4 Ra2+ 35. Ke3 Kd7 36. f4 Rh2 37. g5 Rh3+ 38. Kd4 hxg5 39. fxg5 Rxh5
40. gxf6 gxf6 41. Rg7+ Kc6 42. Kc4 Rh4+ 43. Kb3 Be4 44. Bxf6 Bd5+ 45. Ka4 Rh3
46. Be5 Bb3+ 47. Ka3 Bc4+ 48. Rg3 Rh1 49. Rg7 Kb5 50. Rxc7 Bd5 51. Rg7 Re1 52.
Bc3 Re2 0-1

[Event "La Roda op 38th"]
[Site "La Roda"]
[Date "2011.04.21"]
[Round "3"]
[White "Cuenca Jimenez, Jose Fernando"]
[Black "Guerra Bastida, Diego"]
[Result "1/2-1/2"]
[WhiteElo "2493"]
[BlackElo "2413"]
[PlyCount "139"]
[EventDate "2011.04.20"]
[EventType "swiss"]
[EventRounds "9"]
[EventCountry "ESP"]
[SourceTitle "EXT 2012"]
[Source "ChessBase"]
[SourceDate "2011.11.24"]
[SourceVersion "1"]
[SourceVersionDate "2011.11.24"]
[SourceQuality "1"]

1. Nf3 e6 2. c4 f5 3. d4 Nf6 4. Nc3 Bb4 5. Bd2 O-O 6. g3 c5 7. Bg2 cxd4 8. Nxd4
Nc6 9. Nc2 Bxc3 10. Bxc3 Ne4 11. Bxe4 fxe4 12. Ne3 a5 13. O-O Ra6 14. Qd2 Qg5
15. Rad1 Qg6 16. b3 h6 17. a3 e5 18. b4 axb4 19. axb4 Nd8 20. Bxe5 Nf7 21. Bf4
Re6 22. c5 Qh5 23. Bd6 Rfe8 24. Nd5 Ng5 25. h4 e3 26. Nxe3 Ne4 27. Qd3 b6 28.
Nd5 Bb7 29. Qf3 Qg6 30. Rd3 bxc5 31. bxc5 Bc6 32. Nf4 Qf7 33. Qh5 Qxh5 34. Nxh5
Bb5 35. Nf4 Bxd3 36. exd3 Nd2 37. Nxe6 Nxf1 38. Nf8 Re1 39. Kg2 Kf7 40. Nxd7
Ke6 41. Nb6 g5 42. hxg5 hxg5 43. d4 Nd2 44. g4 Ne4 45. d5+ Kf7 46. Nc4 Rc1 47.
Ne5+ Ke8 48. Kf3 Nxc5 49. Bxc5 Rxc5 50. Ke4 Ke7 51. f3 Rb5 52. Kd4 Rb3 53. Ke4
Rb5 54. Kd4 Rb3 55. d6+ Kxd6 56. Nf7+ Ke7 57. Nxg5 Kf6 58. Ne4+ Kg6 59. f4 Rb4+
60. Ke5 Rb5+ 61. Ke6 Rb6+ 62. Nd6 Rb4 63. Ke5 Rb1 64. g5 Rb6 65. Nc4 Rb7 66.
Nd6 Rb1 67. Ne4 Rb5+ 68. Kd4 Rb1 69. Nd6 Rg1 70. Ke5 1/2-1/2

[Event "La Roda op 38th"]
[Site "La Roda"]
[Date "2011.04.22"]
[Round "4"]
[White "Chueca Forcen, Alberto"]
[Black "Cuenca Jimenez, Jose Fernando"]
[Result "0-1"]
[WhiteElo "2289"]
[BlackElo "2493"]
[PlyCount "62"]
[EventDate "2011.04.20"]
[EventType "swiss"]
[EventRounds "9"]
[EventCountry "ESP"]
[SourceTitle "EXT 2012"]
[Source "ChessBase"]
[SourceDate "2011.11.24"]
[SourceVersion "1"]
[SourceVersionDate "2011.11.24"]
[SourceQuality "1"]

1. f4 c5 2. Nf3 g6 3. g3 Bg7 4. Bg2 Nc6 5. O-O d6 6. e4 e6 7. d3 Nge7 8. Na3
O-O 9. c3 e5 10. Be3 b6 11. Qd2 Bg4 12. Nh4 exf4 13. Bxf4 Qd7 14. Nc4 Ne5 15.
Bh6 Bxh6 16. Qxh6 Nxd3 17. Qd2 Ne5 18. Ne3 Rad8 19. Nxg4 Qxg4 20. Rf6 Nc4 21.
Qh6 Qe2 22. Kh1 Qxb2 23. Raf1 Qd2 24. R1f4 Qc1+ 25. Bf1 Ne5 26. Re6 N7c6 27.
Rxg6+ hxg6 28. Nf5 gxf5 29. Qg5+ Ng6 30. exf5 Nce5 31. f6 Nf3 0-1

[Event "La Roda op 38th"]
[Site "La Roda"]
[Date "2011.04.22"]
[Round "5"]
[White "Cuenca Jimenez, Jose Fernando"]
[Black "Almagro Llamas, Pablo"]
[Result "1-0"]
[WhiteElo "2493"]
[BlackElo "2472"]
[PlyCount "79"]
[EventDate "2011.04.20"]
[EventType "swiss"]
[EventRounds "9"]
[EventCountry "ESP"]
[SourceTitle "EXT 2012"]
[Source "ChessBase"]
[SourceDate "2011.11.24"]
[SourceVersion "1"]
[SourceVersionDate "2011.11.24"]
[SourceQuality "1"]

1. Nf3 Nf6 2. c4 c6 3. d4 d5 4. Qb3 e6 5. Bg5 Nbd7 6. Nc3 Be7 7. e3 O-O 8. Bd3
dxc4 9. Qxc4 Nd5 10. Bxe7 Qxe7 11. O-O Nxc3 12. Qxc3 Re8 13. Rac1 e5 14. Bc4 e4
15. Nd2 Nb6 16. Bb3 Be6 17. Qc5 Qd8 18. Nc4 Re7 19. Qa5 Qb8 20. h3 Bd5 21. Qb4
Qd8 22. Ne5 Bxb3 23. Qxb3 Nd5 24. a3 f6 25. Nc4 Kh8 26. Qc2 Qd7 27. b4 Rf8 28.
Qb3 a6 29. a4 Nc7 30. Na5 Qc8 31. Rc2 f5 32. Rfc1 f4 33. exf4 Rd7 34. b5 Rxd4
35. bxc6 b5 36. axb5 axb5 37. Qe3 Ra4 38. Nb7 h6 39. Nc5 Rb4 40. Qd2 1-0

[Event "La Roda op 38th"]
[Site "La Roda"]
[Date "2011.04.23"]
[Round "6"]
[White "Almeida Quintana, Omar"]
[Black "Cuenca Jimenez, Jose Fernando"]
[Result "1/2-1/2"]
[WhiteElo "2593"]
[BlackElo "2493"]
[PlyCount "39"]
[EventDate "2011.04.20"]
[EventType "swiss"]
[EventRounds "9"]
[EventCountry "ESP"]
[SourceTitle "EXT 2012"]
[Source "ChessBase"]
[SourceDate "2011.11.24"]
[SourceVersion "1"]
[SourceVersionDate "2011.11.24"]
[SourceQuality "1"]

1. d4 Nf6 2. c4 c5 3. Nf3 g6 4. Nc3 cxd4 5. Nxd4 Bg7 6. g3 O-O 7. Bg2 Nc6 8.
O-O Nxd4 9. Qxd4 d6 10. b3 Be6 11. Bb2 Nd5 12. Qd2 Nxc3 13. Bxc3 Bxc3 14. Qxc3
Qc7 15. Rac1 Rac8 16. Qe3 b6 17. Rfd1 Qc5 18. Qd2 Qa3 19. Bd5 Rc7 20. Bxe6
1/2-1/2

[Event "Malaga op 14th"]
[Site "Malaga"]
[Date "2011.04.29"]
[Round "1"]
[White "Cuenca Jimenez, Jose Fernando"]
[Black "Santaella Amate, Sebastian"]
[Result "1-0"]
[WhiteElo "2493"]
[BlackElo "1928"]
[PlyCount "33"]
[EventDate "2011.04.29"]
[EventType "swiss"]
[EventRounds "7"]
[EventCountry "ESP"]
[SourceTitle "CBM 142 Extra"]
[Source "ChessBase"]
[SourceDate "2011.06.27"]
[SourceVersion "1"]
[SourceVersionDate "2011.06.27"]
[SourceQuality "1"]

1. Nf3 Nf6 2. c4 g6 3. Nc3 Bg7 4. g3 O-O 5. Bg2 d6 6. d4 Nbd7 7. O-O c5 8. d5
a6 9. a4 Ng4 10. h3 Nge5 11. Nd2 Nb6 12. Qb3 Kh8 13. a5 Nbd7 14. f4 f5 15. fxe5
Bxe5 16. Nd1 Bxg3 17. Qxg3 1-0

[Event "Malaga op 14th"]
[Site "Malaga"]
[Date "2011.04.30"]
[Round "2"]
[White "Aranaz Murillo, Amalia"]
[Black "Cuenca Jimenez, Jose Fernando"]
[Result "1/2-1/2"]
[WhiteElo "2164"]
[BlackElo "2493"]
[PlyCount "83"]
[EventDate "2011.04.29"]
[EventType "swiss"]
[EventRounds "7"]
[EventCountry "ESP"]
[SourceTitle "CBM 142 Extra"]
[Source "ChessBase"]
[SourceDate "2011.06.27"]
[SourceVersion "1"]
[SourceVersionDate "2011.06.27"]
[SourceQuality "1"]

1. Nf3 b6 2. g3 Bb7 3. Bg2 g6 4. c4 Bg7 5. d4 Nf6 6. O-O O-O 7. Nc3 Ne4 8. Qd3
Nxc3 9. Qxc3 c5 10. Be3 d6 11. Qd2 Re8 12. Rfd1 Qc7 13. Rac1 Nd7 14. Bh6 Nf6
15. Bxg7 Kxg7 16. d5 b5 17. cxb5 Bxd5 18. b4 c4 19. Ne1 Bxg2 20. Nxg2 d5 21.
Ne3 Rad8 22. Qd4 Qb6 23. Qc5 e6 24. a4 Ne4 25. Qxb6 axb6 26. f3 Nd6 27. Nc2 Ra8
28. Ra1 Ra7 29. e4 Rea8 30. exd5 e5 31. a5 Nxb5 32. axb6 Rxa1 33. Rxa1 Rb8 34.
Ne3 c3 35. Nc4 Nd4 36. Kf2 Nb3 37. Ra2 Nc1 38. Rc2 Nd3+ 39. Kf1 Nxb4 40. Rxc3
Nxd5 41. Rb3 Kf6 42. Rb5 1/2-1/2

[Event "Malaga op 14th"]
[Site "Malaga"]
[Date "2011.05.01"]
[Round "3"]
[White "Cuenca Jimenez, Jose Fernando"]
[Black "Vinas Guerrero, Carlos Alberto"]
[Result "1-0"]
[WhiteElo "2493"]
[BlackElo "2132"]
[PlyCount "41"]
[EventDate "2011.04.29"]
[EventType "swiss"]
[EventRounds "7"]
[EventCountry "ESP"]
[SourceTitle "CBM 142 Extra"]
[Source "ChessBase"]
[SourceDate "2011.06.27"]
[SourceVersion "1"]
[SourceVersionDate "2011.06.27"]
[SourceQuality "1"]

1. Nf3 f5 2. c4 Nf6 3. Nc3 g6 4. d4 Bg7 5. Qc2 O-O 6. Bg5 d6 7. O-O-O h6 8.
Bxf6 exf6 9. Nh4 Kh7 10. g4 Qe8 11. gxf5 g5 12. Ng6 Rg8 13. e3 Nc6 14. Nd5 Qf7
15. h4 g4 16. Bg2 Nd8 17. Nde7 c6 18. Nxg8 Kxg8 19. h5 Bd7 20. Rh4 Kh7 21. Rxg4
1-0

[Event "Malaga op 14th"]
[Site "Malaga"]
[Date "2011.05.02"]
[Round "5"]
[White "Cuenca Jimenez, Jose Fernando"]
[Black "Gonzalez Perez, Arian"]
[Result "0-1"]
[WhiteElo "2493"]
[BlackElo "2448"]
[PlyCount "184"]
[EventDate "2011.04.29"]
[EventType "swiss"]
[EventRounds "7"]
[EventCountry "ESP"]
[SourceTitle "CBM 142 Extra"]
[Source "ChessBase"]
[SourceDate "2011.06.27"]
[SourceVersion "1"]
[SourceVersionDate "2011.06.27"]
[SourceQuality "1"]

1. Nf3 Nf6 2. c4 g6 3. g3 Bg7 4. Bg2 O-O 5. d4 c5 6. d5 b5 7. cxb5 a6 8. bxa6
d6 9. Nc3 Bf5 10. Nh4 Bd7 11. O-O Nxa6 12. Rb1 Qa5 13. h3 Rfb8 14. Bd2 Nc7 15.
a3 Qa6 16. Re1 Rb6 17. Qc2 Rab8 18. b4 cxb4 19. axb4 Qc4 20. Rec1 Rxb4 21. Rxb4
Rxb4 22. e4 Qb3 23. Na2 Qxc2 24. Rxc2 Rb1+ 25. Kh2 Nb5 26. Nc3 Nxc3 27. Bxc3 h6
28. e5 dxe5 29. Bxe5 Ng4+ 30. hxg4 Bxe5 31. Nf3 Bd6 32. Nd2 Rb4 33. Ne4 Bb8 34.
Bf3 Kg7 35. Nc5 Bxg4 36. Na6 Ra4 37. Bxg4 Rxa6 38. Kg2 Ra4 39. Bf3 h5 40. Re2
Kf6 41. Re4 Ra5 42. Re2 Bd6 43. Re1 Kg5 44. Re4 Ra1 45. Be2 Ra2 46. Bf3 Bc5 47.
Re2 Ra3 48. Re5+ Kh6 49. Re1 Rc3 50. Re2 Kg5 51. Re5+ f5 52. Re6 Rc2 53. Re2
Rc4 54. Re6 Rd4 55. Re1 h4 56. gxh4+ Rxh4 57. Rc1 Bd6 58. Rh1 Rb4 59. Be2 Rb2
60. Kf3 Rb3+ 61. Kg2 Kf4 62. Rd1 Rb2 63. Kf1 g5 64. Rc1 g4 65. Re1 Rc2 66. Rd1
Bc5 67. Rd3 Ke5 68. Ke1 Bd4 69. Ra3 Rc5 70. Rb3 Rxd5 71. Rb5 Rxb5 72. Bxb5 Kf4
73. Bd7 Bf6 74. Kf1 Bh4 75. Kg2 e5 76. Bc8 Bd8 77. Bd7 Bb6 78. Bc8 Kg5 79. Bd7
Ba5 80. Bc8 Be1 81. Bd7 e4 82. Bc6 Kh4 83. Bd5 Ba5 84. Bc6 Bc7 85. Bb7 Bb6 86.
Bc6 Bxf2 87. Kxf2 Kh3 88. Kg1 Kg3 89. Bb5 f4 90. Bc6 e3 91. Kf1 Kh2 92. Ke2 g3
0-1

[Event "Malaga op 14th"]
[Site "Malaga"]
[Date "2011.05.02"]
[Round "6"]
[White "Nava Baro, Enrique"]
[Black "Cuenca Jimenez, Jose Fernando"]
[Result "0-1"]
[WhiteElo "2215"]
[BlackElo "2493"]
[PlyCount "36"]
[EventDate "2011.04.29"]
[EventType "swiss"]
[EventRounds "7"]
[EventCountry "ESP"]
[SourceTitle "CBM 142 Extra"]
[Source "ChessBase"]
[SourceDate "2011.06.27"]
[SourceVersion "1"]
[SourceVersionDate "2011.06.27"]
[SourceQuality "1"]

1. Nf3 Nf6 2. c4 g6 3. Nc3 c5 4. b3 Bg7 5. Bb2 O-O 6. g3 Nc6 7. d4 cxd4 8. Nxd4
Qa5 9. Rc1 d5 10. Nxc6 bxc6 11. Bg2 Rd8 12. cxd5 Nxd5 13. Qd2 Nb4 14. Qe3 Nxa2
15. O-O Nxc1 16. Rxc1 Be6 17. Bxc6 Rab8 18. Ra1 Qb6 0-1

[Event "Malaga op 14th"]
[Site "Malaga"]
[Date "2011.05.02"]
[Round "7"]
[White "Cuenca Jimenez, Jose Fernando"]
[Black "Marholev, Dimitar"]
[Result "1-0"]
[WhiteElo "2493"]
[BlackElo "2384"]
[PlyCount "81"]
[EventDate "2011.04.29"]
[EventType "swiss"]
[EventRounds "7"]
[EventCountry "ESP"]
[SourceTitle "CBM 142 Extra"]
[Source "ChessBase"]
[SourceDate "2011.06.27"]
[SourceVersion "1"]
[SourceVersionDate "2011.06.27"]
[SourceQuality "1"]

1. Nf3 Nf6 2. c4 g6 3. Nc3 Bg7 4. g3 O-O 5. Bg2 c5 6. O-O Nc6 7. d4 cxd4 8.
Nxd4 Qb6 9. Nb3 d6 10. h3 Qb4 11. Nd2 Ne5 12. a3 Qb6 13. b3 Bd7 14. Bb2 Bc6 15.
Qc2 Bxg2 16. Kxg2 a6 17. e4 Nc6 18. b4 Rac8 19. Rac1 Ne5 20. Ne2 Qa7 21. Qb1 b5
22. c5 Qa8 23. Bxe5 dxe5 24. Nc3 Bh6 25. Rcd1 a5 26. Nf3 axb4 27. axb4 Qb8 28.
Nd5 Nxd5 29. Rxd5 Bg7 30. Rfd1 Qa8 31. Qd3 Qa4 32. Qc3 f5 33. Ra1 fxe4 34. Nd2
e3 35. Rxa4 Rxf2+ 36. Kg1 Rxd2 37. Rxd2 exd2 38. Qb3+ Kh8 39. Ra2 Rd8 40. Qd1
Bh6 41. c6 1-0

[Event "Capablanca Memorial op-A 46th"]
[Site "Havana"]
[Date "2011.05.11"]
[Round "1"]
[White "Cuenca Jimenez, Jose Fernando"]
[Black "Arribas Robaina, Maritza"]
[Result "1/2-1/2"]
[WhiteElo "2493"]
[BlackElo "2300"]
[PlyCount "80"]
[EventDate "2011.05.11"]
[EventType "swiss"]
[EventRounds "10"]
[EventCountry "CUB"]
[SourceTitle "CBM 142 Extra"]
[Source "ChessBase"]
[SourceDate "2011.06.27"]
[SourceVersion "1"]
[SourceVersionDate "2011.06.27"]
[SourceQuality "1"]

1. Nf3 d5 2. d4 Nf6 3. c4 c6 4. Qb3 dxc4 5. Qxc4 Bf5 6. g3 e6 7. Bg2 Nbd7 8.
Nc3 Be7 9. O-O Ne4 10. Qb3 Qb6 11. Nh4 Bxh4 12. gxh4 Qxb3 13. axb3 Ndf6 14. f3
Nxc3 15. bxc3 Bc2 16. Ra3 a5 17. e4 a4 18. bxa4 Rxa4 19. Rf2 Rxa3 20. Bxa3 Ba4
21. f4 Kd7 22. f5 exf5 23. Rxf5 Bb3 24. e5 Ne8 25. d5 f6 26. e6+ Kc7 27. dxc6
Bxe6 28. Rc5 b6 29. Rb5 Nd6 30. Bxd6+ Kxd6 31. Rxb6 Bd5 32. Bxd5 Kxd5 33. Rb7
Kxc6 34. Rxg7 Kd5 35. h5 h6 36. Rg6 Ke5 37. Kg2 Rc8 38. Rg3 Kf4 39. Kf2 Rc5 40.
Rf3+ Kg4 1/2-1/2

[Event "Capablanca Memorial op-A 46th"]
[Site "Havana"]
[Date "2011.05.13"]
[Round "3"]
[White "Cuenca Jimenez, Jose Fernando"]
[Black "Morales Romero, Romaris"]
[Result "1-0"]
[WhiteElo "2493"]
[BlackElo "2323"]
[PlyCount "57"]
[EventDate "2011.05.11"]
[EventType "swiss"]
[EventRounds "10"]
[EventCountry "CUB"]
[SourceTitle "CBM 142 Extra"]
[Source "ChessBase"]
[SourceDate "2011.06.27"]
[SourceVersion "1"]
[SourceVersionDate "2011.06.27"]
[SourceQuality "1"]

1. Nf3 c5 2. c4 Nc6 3. d4 cxd4 4. Nxd4 Nf6 5. Nc3 g6 6. e4 d6 7. Be2 Nxd4 8.
Qxd4 Bg7 9. Be3 O-O 10. Qd2 Be6 11. Rc1 Qa5 12. f3 Rfc8 13. b3 Rab8 14. g4 a6
15. Na4 Qxd2+ 16. Kxd2 b5 17. Nb6 Rc6 18. Nd5 Kf8 19. Nb4 Rcb6 20. g5 Nh5 21.
Bxb6 Rxb6 22. cxb5 axb5 23. Nd3 Ra6 24. Rc2 Bd4 25. f4 Ng7 26. h4 Ke8 27. h5
Kd7 28. h6 Ne8 29. Ne5+ 1-0